| 000 | 00371cam a22001337a 4500 | ||
|---|---|---|---|
| 008 | 180718b1902 xxu||||| |||| 00| 0 eng d | ||
| 082 | _aT39x54 T669 | ||
| 100 | _aTozer, H.J. | ||
| 245 |
_aBritish India: and its trade _cby H.J. Tozer |
||
| 260 |
_aLondon _bHarper & Brothers _c1902 |
||
| 300 | _a90p. | ||
| 440 | _aBarper's International Commerce Series | ||
| 650 | _aTrade | ||
| 999 |
_c430860 _d430860 |
||